| 000 | 00391pab a2200133 454500 | ||
|---|---|---|---|
| 008 | 180718b1987 xxu||||| |||| 00| 0 eng d | ||
| 100 | _aJoshi, B.M. | ||
| 245 | _aInfrastructure and regional imbalances in U.P. - an inter district analysis | ||
| 260 | _c1987 | ||
| 300 | _a91-6 | ||
| 650 | _aRegional Planning - India - U.P. | ||
| 773 | _aIndian Journal of Regional Science | ||
| 909 | _a17136 | ||
| 999 |
_c17136 _d17136 |
||